Champions d'arène de la ligue Pokémon - Statistiques

Statistiques générales
  • Ce quiz a été pris 2 835 fois
    1 454 depuis la dernière actualisation
  • Le résultat moyen est 35 sur 68
Statistiques - réponses
Génération Nom du badge Champion % Correct
1 Roche Pierre
99%
1 Cascade Ondine
97%
1 Foudre Major Bob
89%
1 Terre Giovanni ou Blue
85%
1 Âme Koga et Jeannine
77%
1 Volcan Auguste
76%
1 Prisme Erika
76%
1 Marais Morgane
74%
4 Charbon Pierrick
70%
2 Plaine Blanche
69%
3 Pluie Marc ou Juan
67%
5 Triple Noa, Rachid et Armando
67%
3 Balancier Norman
67%
5 Mythe Iris ou Watson
66%
3 Roche Roxanne
65%
3 Dynamo Voltère
65%
3 Poing Bastien
64%
4 Forêt Flo
64%
2 Essaim Hector
61%
2 Minéral Jasmine
61%
2 Brume Mortimer
61%
2 Lever Sandra
61%
4 Phare Tanguy
61%
2 Zéphyr Albert
60%
5 Volt Inezia
60%
3 Esprit Lévy et Tatia
60%
5 Basique Aloé ou Tcheren
59%
5 Sismique Bardane
58%
3 Chaleur Adriane
57%
3 Plume Alizée
56%
2 Choc Chuck
56%
4 Glaçon Gladys
55%
5 Stalactite Zhu
54%
4 Fantôme Kiméra
53%
6 Tension Lem
53%
4 Palustre Lovis
53%
4 Mine Charles
52%
2 Glacier Frédo
52%
4 Pavé Mélina
52%
5 Jet Carolina
51%
5 Toxique Strykna
51%
5 Élytre Artie
50%
6 Mur Lino
45%
6 Coléoptère Violette
45%
6 Lutte Cornélia
44%
6 Iceberg Urup
43%
8 Dragon Roy
39%
6 Nymphe Valériane
38%
5 Vague Amana
37%
8 Eau Donna
37%
8 Feu Kabu
37%
8 Spectre Alistair
36%
8 Ténèbres Peterson et Rosemary
36%
6 Végétal Amaro
34%
6 Psychisme Astera
34%
9 Éectrik Mashynn
34%
8 Plante Percy
34%
8 Combat Faïza
33%
8 Fée Sally et Travis
33%
8 Roche Chaz
29%
8 Glace Lona
26%
9 Normal Okuba
26%
9 Glace Grusha
25%
9 Plante Colza
24%
9 Spectre Laïm
23%
9 Eau Kombu
22%
9 Insecte Éra
19%
9 Psy Tully
18%
Aucun quiz correspondant
Distribution des résultats
% des personnes avec chaque résultat
Percentile par nombre de réponses
Votre historique - résultats
Vous n’avez pas pris ce quiz depuis la dernière actualisation